Quizzes
Events
Quiz Creation
Community
Videos
Private Events
Remove Ads
Sign In
Join for FREE
Feedback
Dark Mode
Quiz Categories
Sports
Geography
Music
Movies
Television
Just For Fun
Miscellaneous
History
Literature
Language
Science
Gaming
Entertainment
Religion
Holiday
For Kids
Quiz Lab
Recent
Popular Today
Quiz Kudos Today
Editor Picks
Curator Picks
Quizzes by...
Day
Popularity
Type
Ratings
Length
Year
Community
Subscriptions
Recent Discussions
Orange Saloon
Badges
Playlists
Quests
Create
Leaderboards
Showdown
Live 5
Trivia Bingo
Activity
Puzzle Library
Sporcle Events
Private Events
Virtual Trivia
Globe League
Become a Host
Pub Owners
SporcleCon
Opinionation
Our Games
Videos
Blog
Mobile Apps
Partnerships
Remove Ads and Go Orange
Feedback
Entertainment
Celebrity
Famous
Musical
Broadway
Show
Quote
Comic Books
Anime
Superhero
DC Comics
Marvel
Cartoons
Animation
Entertainment
Celebrity
Famous
Musical
Broadway
Show
Quote
Comic Books
Anime
Superhero
DC Comics
Marvel
Cartoons
Animation
Random Quiz
Search Sporcle
×
Quiz Lab
Quiz Lab
Entertainment
Song
Type in answers that appear in a list
Type in answers that appear in a list
Classic
Best Score? Go Orange.
Songs in Wicked Stats
Can you name the Songs in Wicked?
By
zeldadude97
10m
21 Questions
162 Plays
162 Plays
162 Plays
Comments
Comments
Give Quiz Kudos
Give Quiz Kudos
-
- Ratings
hide this ad
Forced Order
Answers have to be entered in order
Answers have to be entered in order
Random Order
Randomize order of answers
Randomize order of answers
Replay
Link that replays current quiz
Next Quiz
Link to next quiz in quiz playlist
You Got
0%
They Got
Avg Score
70%
Avg Friend Score
Upgrade to see
Score Distribution
Jump to the score distribution portion of the page
Score
0/21
Timer
10:00
0
Plays Today
Singer(s)
Song
% Correct
Fiyero, Galinda, Boq, Nessarose, Elphaba and Students
Dancing Through Life
81.5%
Galinda
Popular
81.5%
Elphaba, Glinda and Denizens of the Emerald City
One Short Day
80.2%
Glinda and Elphaba
For Good
79.6%
Morrible, Elphaba
The Wizard and I
77.2%
Galinda, Elphaba and Students
What Is This Feeling?
77.2%
Dr. Dillamond and Elphaba
Something Bad
76.5%
Elphaba, Glinda, Guards and Citizens of Oz
Defying Gravity
74.1%
Students
Dear Old Shiz
73.5%
Elphaba and Fiyero
As Long As You're Mine
72.8%
Elphaba
I'm Not That Girl
72.2%
Singer(s)
Song
% Correct
The Wizard and Elphaba
Wonderful
72.2%
The Wizard
A Sentimental Man
71.6%
Glinda and Citizens of Oz
No One Mourns the Wicked
71%
Elphaba
No Good Deed
70.4%
All
Finale
68.5%
Boq and Citizens of Oz
March of the Witch Hunters
67.3%
Glinda, Morrible and Citizens of Oz
Thank Goodness
66%
Elphaba, Nessarose and Boq
The Wicked Witch of the East
56.2%
Glinda
I'm Not That Girl (reprise)
55.6%
Citizens of Oz
No One Mourns the Wicked (reprise)
30.2%
Quiz Playlist
Details
Report
Send in Message
Add To Playlist
Classic:
Type in answers that appear in a list
Forced Order:
Answers have to be entered in order
Random Order:
Randomize order of answers
Last Updated: Feb 16, 2017
Quiz Scoreboard
CHALLENGE
Sign Up to Join the Scoreboard
Show All
Scores
Hide
Comments
May contain spoilers
Recently Published
Presidents Visiting Landmarks
by Hejman
History
7m
An Introduction to Baseball
by treessimontrees
Sports
5m
Movies - When Are They Set?
by FPL_Elf
Movies
5m
More to Explore
Quiz From the Vault
Featured Blog Post
Where Did the Easter Bunny Come From?
hide this ad
You Might Also Like...
Tags
Singers Quiz
Song Quiz
Wicked
Today's Top Quizzes in Entertainment
Browse Entertainment
hide this ad
Today's Top Quizzes in Song
Browse Song
Top Contributed Quizzes in Entertainment
1
7-to-1: DC Comics Villains
2
Marvel Characters Bunker
3
Eurovision 2023 Logic Puzzle
4
Kamen Rider Motifs
5
Dragon Ball Z: Goku's Fights in Order
6
Criteria Quickie: Cartoon Taxonomy II
7
Sorting Pictures: Villains
8
Fictional Villains Letter U Blitz
9
Dragon Ball Z: Mega Character Search
10
Mini Trivia Sudoku: Musicals
Explore More
Trending Topics
Marvel
NBA
Disney
Harry Potter
Crossword
Kpop
Anime
The Office
Pokémon
WWE
Puzzle
Country
Song
NFL
Soccer
hide this ad
More By:
zeldadude97
Quiz
Plays
Rating
Category
Featured
Created
Kingdom Hearts Birth By Sleep Bosses
459
3.33
Gaming
Jan 11, 2011
Zelda Bosses by Title
363
5.00
Gaming
May 8, 2010
Banjo Kazooie Series Worlds
184
4.50
Gaming
Jan 13, 2011
Songs in Wicked
162
2.67
Entertainment
May 31, 2010
Dead Rising Psychopaths
114
3.00
Gaming
Feb 15, 2011
Go to Creator's Profile
Score Distribution
Quiz Creator Spotlight
zeldadude97
Follow
Send a Message
Quizzes Created
-
Created Quiz Play Count
-
More By This Creator
Popular Quizzes Today
1
Find the US States - No Outlines Minefield
2
Find the Countries of Europe - No Outlines Minefield
3
The Countries of the World
4
Find the US States
5
Popular People in 1961
6
US States
7
Risky Map Clicking: Biggest States A-Z
8
Movies - When Are They Set?
More Entertainment Quizzes
Click the Cartoon Edward
Published
Trending Quizzes
Risky Map Clicking: Least Populous States A-Z
1-10 Letter G Words
1-10 Letter F Words
Risky Map Clicking: Next State Alphabetically
Risky Map Clicking: Biggest States A-Z
Recently Updated
Leaping Animals
pecheneg
Reality TV Shows (A-Z)
bhenderson79
Rickey Henderson's Hall of Fame Teammates
pecheneg
Champions League XIs: Arsenal
pecheneg
Quick Pick: Celebrities in WWE's Hall of Fame
aduchscher
A-Z Keypad Blitz II
pecheneg
Multiple Oscar Actors
pecheneg
Mystery Phrase Blitz: Oscar 'Best Actors'
pecheneg
F. Scott Fitzgerald Novels
LTH
Pick 3 Villains
ddd62291
Trending Topics
Disney
Kpop
Marvel
Harry Potter
Anime
NBA
Crossword
Puzzle
WWE
Song
Country
The Office
NFL
Pokémon
Soccer
Your Account Isn't Verified!
In order to create a playlist on Sporcle, you need to verify the email address you used during registration. Go to your
Sporcle Settings
to finish the process.
Report this User
Report this user for behavior that violates our
Community Guidelines
.
Details:
Send Report
Go to the Sporcle.com Mobile Site →
Comments